1408 1254 1545 1278 1080 1603 1690 1605 1478 1843 1692 1915 1670 1659 1467 1535 1022 1309 1552 1586 1452 1701 1185 1327 1845 1162 1989 1525 1078 1280 1831 1421 1604 1420 1317 1788 1195 1911 1795 1043 1409 1175 1283 1055 1885 1908 1150 1569 1058 1909 1996 1143 1185 1572 1292 1619 1823 1098 1495 1467 1489 1095 1703 1393 1653 1136 1999 1840 1335 1164 1026 1328 1577 1955 1580 1452 1797 1707 1212 1261 1402 1513 1679 1585 1764 1641 1531 1640 1396 1180 1016 1043 1180 1314 1851 1257 1974 1654 1123 BCNSPRNW ULIB Ver.6.0+V

เปลี่ยนเป็นภาษาไทย

Change to English
 แสดงรายละเอียดบรรณานุกรม
  กลับหน้าหลัก

Brief Record : Get Marc (ISO 2709) : E-mail record : QR code < ปิดหน้าต่าง
LEADER : 00000nam 2200000uu 4500
001    13399125833
003     ULIB
008    020711s2018 th a 000 0 eng d
020    ู^a9780323402316
060    ^aWA18^bN-H
100    ^aNelson, Romona.
245    ^aHealth Informatics An Interproessional Approach/^cNelson, Romona.
250    ^a2nd ed
260    ^aLouis,Missouri :^bElsevier,^c2018
300    ^a658 pages;^c30 cm
650    ^aHealth-Informatics^xApproach
945    ^p2558^l0^i003210
999    ^aประนอม เกษจรัล
รายการนี้ยังไม่มีแท็ก
คุณยังไม่ได้ล็อกอิน คุณสามารถมีกิจกรรมร่วมกับเว็บไซต์ได้ แต่ต้องล็อกอินก่อน ::
  ล็อกอิน

รายการสื่อสารสนเทศ

ลำดับที่ ประเภท เลขเรียก/บาร์โค้ด สถานที่ สถานะ
1. วิทยาศาสตร์การแพทย์ และสุขภาพ
หนังสือสำรอง
สถานะ=หนังสือสำรอง
WA18 N-H ฉ.1 
  Barcode: 003210
ห้องสมุดวิทยาเขตสวรรค์ประชารักษ์
►หนังสือทั่วไป
บนชั้น

BibComment


ยังไม่เคยถูกคอมเมนท์

คอมเมนท์ทรัพยากรรายการนี้
  คอมเมนท์: Health Informati..


 Copyright 2026. Bcnsprnw @Library